000 01179nam0a22002531i 4500
001 rc\4913752
005 20240724174253.0
021 _aRU
_b[65-59586]
035 _a(NLR Aleph) 008936859
090 _a8920670
_c8920670
100 _a20130426d1965 |||y0rusy50 ca
101 0 _arus
102 _aRU
105 _ay d |||||
200 1 _aОперации отведения желчи из внутрипеченочных протоков при механической желтухе
_e(Клинико-анатомич. исследование)
_eАвтореферат дис. на соискание ученой степени кандидата медицинских наук
_fИн-т эксперим. и клинич. онкологии АМН СССР
210 _aМосква
_d1965
215 _a20 с.
320 _aСписок работ автора в конце текста (10 назв.)
606 _aЖелтуха
_xЛечение
_xХирургическое лечение
_2psbo
700 1 _aФуторян
_bЕ.С.
_gЕфим Семенович
801 0 _aRU
_bNLR
_gpsbo
801 1 _aRU
_bELAR
_2rusmarc
852 _aNLR
_j65-4/13768
942 _cBOOK